00488nam a2200181Ia 450000500170000000800410001702000220005804100080008008200190008810000150010724500490012225000110017126000290018230000090021150000290022065000280024970000290027720251113152234.0230125s9999 xx 000 0 und d a978-81-309-1839-6 aeng a158.1bMCK/CHA aMcknight W aAttitude bProtect your most priceless asset a5th ed c2011bViva BooksaMumbai a112p aPersonality Development, aPersonality Development aMcknight W & Chapman E N